| 000 | 00474nam a22001817a 4500 | ||
|---|---|---|---|
| 003 | CEME | ||
| 005 | 20210628203254.0 | ||
| 008 | 210204b xxu||||| |||| 00| 0 eng d | ||
| 020 | _a978007044804 | ||
| 040 | _c. | ||
| 082 | _a621.811 NOR | ||
| 100 |
_aNorton, R.L _964433 |
||
| 245 | _aKinematics and dynamics of machinery | ||
| 260 |
_aINDIA _bTATA MCGRAW HILL _c2009 |
||
| 300 | _aXVII, 752P | ||
| 650 |
_aKINEMATICS., DYNAMICS OF MACHINERY _964434 |
||
| 942 |
_cBK _2ddc |
||
| 999 |
_c572921 _d572921 |
||